Som presvedčená, že sa svet zbláznil Lenka Filipová ohriala svojimi piesňami srdiečka Košičanov

Bibliographic Details
Main Authors: Rabara, Josef (Author), Csergöová, Martina (Author)
Corporate Author: Stredné odborné učilište dopravné (Košice, Slovensko) (Author)
Format: Article
Language:Slovak
Subjects:

MARC

LEADER 00000nab a2200000 a 4500
001 vtls000898909
003 SK-MaSNL
005 20260304201409.0
008 040720e19981104xo 0 slo
035 |a KE7915 
040 |a KEVKJB  |b slo  |c KEVKJB  |e AACR2 
041 0 |a slo 
044 |a xo  |c SK 
080 |a 784.66  |2 1981 
100 1 |a Rabara, Josef  |4 aut  |9 884747 
245 1 0 |a Som presvedčená, že sa svet zbláznil  |b Lenka Filipová ohriala svojimi piesňami srdiečka Košičanov 
590 |a Filipová, Lenka  |b česká speváčka 
600 1 7 |a Filipová, Lenka,  |d 1954-   |2 KEVKJB 
610 2 7 |a Stredné odborné učilište dopravné (Košice, Slovensko)  |2 KEVKJB  |9 29832 
650 0 7 |a populárna hudba  |2 KEVKJB  |9 3428 
650 0 7 |a koncerty  |2 KEVKJB  |9 19182 
651 7 |a Moldavská cesta  |2 KEVKJB  |9 883584 
651 7 |a Košice (Slovensko)  |2 KEVKJB  |9 18694 
651 7 |a KE,  |2 KEVKJB  |9 877256 
655 7 |a periodikum  |2 snkbucl  |9 29553 
700 1 0 |a Csergöová, Martina  |4 aut  |9 878288 
710 2 |a Stredné odborné učilište dopravné (Košice, Slovensko)  |4 aut  |9 29832 
773 0 8 |t Korzár  |g Roč. 1, č.222, 4.11.1998 
773 0 8 |i Príl.:  |t Ťahák. - Roč. 1, č. 37 (1998), s.8. - Fot.1. 
852 |a ZVYKNI  |b KIS3GCP 
999 |c 3094792  |d 3096722